banner koha

Seroprevalence and risk factors of Toxoplasma gondii infection among open market workers in Ananindeua, Pará, Brazil (Registro n. 332190)

MARC details
000 -LÍDER
fixed length control field 01316nab a2200349 i 4500
003 - CÓDIGO MARC DA AGÊNCIA CATALOGADORA
Campo de controle BR-BrBNA
005 - DATA E HORA DA ÚLTIMA ATUALIZAÇÃO
Campo de controle 20250623163229.0
008 - CAMPO DE TAMANHO FIXO
fixed length control field 250623b2021 bl.ar|pooa||| 00| 0 eng |
040 ## - FONTE DA CATALOGAÇÃO
Agência catalogadora BR-BrBNA
Idioma da catalogação eng
072 ## - CATEGORIA AGRIS
Código AGRIS Q03
100 ## - ENTRADA PRINCIPAL - NOME PESSOAL
Nome pessoal Rocha, Katerine de Souza
100 ## - ENTRADA PRINCIPAL - NOME PESSOAL
Nome pessoal Mesquita, Gleiciane Schupp de S.
100 ## - ENTRADA PRINCIPAL - NOME PESSOAL
Nome pessoal Lobato, Thayanne Christine N.
100 ## - ENTRADA PRINCIPAL - NOME PESSOAL
Nome pessoal Paz, Giselle Souza da
100 ## - ENTRADA PRINCIPAL - NOME PESSOAL
Nome pessoal Jorge, Ediene Moura
100 ## - ENTRADA PRINCIPAL - NOME PESSOAL
Nome pessoal Morais, Rafaela dos Anjos P. B.
100 ## - ENTRADA PRINCIPAL - NOME PESSOAL
Nome pessoal Carmo, Ediclei Lima do
100 ## - ENTRADA PRINCIPAL - NOME PESSOAL
Nome pessoal Morais, Carla Cristina G. de
245 ## - TÍTULO PRINCIPAL
Título principal Seroprevalence and risk factors of Toxoplasma gondii infection among open market workers in Ananindeua, Pará, Brazil
500 ## - NOTA GERAL
Nota geral <br/><br/>Publicação online; 15 ref.; Summaries (En, Pt)
942 ## - ADDED ENTRY ELEMENTS (KOHA)
Koha item type Analítica
650 ## - ASSUNTO - THESAGRO
Cabeçalho tópico ou nome geográfico TOXOPLASMOSE
650 ## - ASSUNTO - THESAGRO
Cabeçalho tópico ou nome geográfico FEIRA
650 ## - ASSUNTO - THESAGRO
Cabeçalho tópico ou nome geográfico PESQUISA
650 ## - ASSUNTO - THESAGRO
Cabeçalho tópico ou nome geográfico RISCO
650 ## - ASSUNTO - THESAGRO
Cabeçalho tópico ou nome geográfico INFECÇÃO
650 ## - ASSUNTO - THESAGRO
Cabeçalho tópico ou nome geográfico ANTICORPO
650 ## - ASSUNTO - THESAGRO
Cabeçalho tópico ou nome geográfico SEGURANÇA ALIMENTAR
773 0# - ENTRADA ANALÍTICA
Host Biblionumber 3551
Registro do item 345999
Imprenta Belém-PA Faculdade de Ciências Agrárias do Pará 1999
Outro identificador 2024-6648
Título Revista de Ciências Agrárias (Brazil)
ISSN 1517-591X Impresso/Versão online ISSN 2177-8760
Colação v. 64 p. 1-6; (2021)
Número de controle de registro BR2025003930
856 ## - ACESSO E ENDEREÇO ELETRÔNICO
Identificador uniforme de recurso - URI https://ajaes.ufra.edu.br/index.php/ajaes/article/view/3485/1624

Nenhum exemplar disponível.

BINAGRI

Telefone: (61)3218-2567/2388/3357/2097 - binagri@agro.gov.br

Ministério da Agricultura e Pecuária , Esplanada dos Ministérios, Bloco D, Anexo B, Brasília/DF, CEP: 70.043-900